Films d'Animation - Statistiques

Statistiques générales
  • Ce quiz a été pris 111 fois
  • Le résultat moyen est 11 sur 16
Statistiques - réponses
Par images Réponse % Correct
Kirikou et la sorcière
99%
Le Roi Lion
99%
Shrek
99%
Astérix le domaine des dieux
96%
La Grande Aventure Lego
96%
Wall-E
96%
Rio
84%
South Park le film
82%
Le Petit Prince
76%
Le Lorax
66%
La planète au trésor
56%
Your Name
56%
Akira
42%
Nausicaä
36%
Les Pirates
26%
Brisby et le secret de nimh
9%
Aucun quiz correspondant
Distribution des résultats
% des personnes avec chaque résultat
Percentile par nombre de réponses
Votre historique - résultats
Vous n’avez pas pris ce quiz